| 000 | 00582 a2200169 4500 | ||
|---|---|---|---|
| 005 | 20250403080515.0 | ||
| 020 | _a978-1-4080-8177-8 | ||
| 082 | _a808.066 WHI | ||
| 100 | _aWHITE, B. | ||
| 245 | _aDissertation Skills for Business and Management Students | ||
| 250 | _a2nd Ed. | ||
| 260 |
_aAustralia, _bCengage Learning _c2014 |
||
| 300 |
_avii, 224p., ill., figure, table. _bIndex, bibliography, glossary. _c21cm. |
||
| 700 | _aRAYNER, S. | ||
| 856 |
_yAccess Online Book _fDissertation Skills for Business and Management Students _dwww.cengagebrain.com |
||
| 942 |
_2ddc _cBKS |
||
| 999 |
_c1044 _d1044 |
||